Essays on method in the sociology of literature /

Bibliographic Details
Main Author: Goldmann, Lucien
Other Authors: Boelhower, William Q.
Format: Book
Language:English
Published: St. Louis, Mo. : Telos Press, [1980]
Subjects:

MARC

Tag First Indicator Second Indicator Subfields
LEADER 00000cam a2200000 a 4500
001 in00000098108
005 20150924085600.0
008 801008s1980 mou b 00110 eng d
010 |a  79089567  
020 |a 0914386190 
020 |a 0914386204 (pbk.) 
035 |a (OCoLC)06800527 
035 |9 AAK9474AM 
040 |a IAI  |c IAI  |d m.c.  |d TXA  |d UtOrBLW 
049 |a TXAM  |c [388781] 
090 |a PN51  |b .S5713 1980 
100 1 |a Goldmann, Lucien. 
245 1 0 |a Essays on method in the sociology of literature /  |c Lucien Goldmann ; translated and edited by William Q. Boelhower. 
264 1 |a St. Louis, Mo. :  |b Telos Press,  |c [1980] 
264 4 |c ©1980 
300 |a 158 pages ;  |c 22 cm. 
336 |a text  |b txt  |2 rdacontent 
337 |a unmediated  |b n  |2 rdamedia 
338 |a volume  |b nc  |2 rdacarrier 
504 |a Includes bibliographical references and index. 
650 0 |a Literature and society. 
700 1 |a Boelhower, William Q. 
999 |a MARS 
999 f f |s a5053e92-c899-3264-b75f-62dd30872a4c  |i 1e65f191-2f8f-378d-a7e7-05c1db43d884  |t 0 
952 f f |p ric  |a Texas A&M University  |b Rellis Campus  |c Joint Library Facility  |d Remote Storage  |t 0  |e PN51 .S5713 1980  |h Library of Congress classification  |i unmediated -- volume  |m A14806025013 
998 f f |a PN51 .S5713 1980  |t 0  |l Remote Storage